000
00323nam a22001457a 4500
003
SGT
020
_a
9789380231150
082
_a
349.095 4,DIW
100
_a
DIWAN,PARAS
245
_a
MODERN HINDU LAW
260
_a
FARIDABAD
_b
ALLAHABAD LAW AGENCY
_c
2016
300
_a
632
650
_a
HINDU LAW
942
_2
ddc
_c
BK
_0
18
999
_c
10613
_d
10613